[Event "Djerba op-A"]
[Site "Djerba"]
[Date "2025.02.21"]
[Round "6"]
[White "Rekik, Ismail"]
[Black "Boudriga, Mohamed Ali"]
[Result "0-1"]
[WhiteElo "2006"]
[BlackElo "2323"]
[PlyCount "92"]
[EventDate "2025.02.16"]
[EventType "swiss"]
[EventRounds "9"]
[EventCountry "TUN"]
[SourceTitle "CB09_2025"]
[SourceDate "2025.02.27"]
[SourceVersion "1"]
[SourceVersionDate "2025.02.27"]
[SourceQuality "1"]

1. c4 e6 2. Nf3 d5 3. e3 Nf6 4. b3 Be7 5. Bb2 0-0 6. Nc3 b6 7. cxd5 exd5 8. d4 Bb7 9. Bd3 Nbd7 10. 0-0 a6 11. Rc1 Bd6 12. Rc2 Re8 13. Ne2 Qe7 14. Ng3 g6 15. Qa1 Rac8 16. Rfc1 c6 17. a3 a5 18. a4 Ng4 19. Qb1 h5 20. Nf1 f5 21. h3 Nh6 22. Re2 Rf8 23. h4 Nf6 24. g3 Ne4 25. Ne5 Bxe5 26. dxe5 g5 27. f3 Nc5 28. hxg5 Qxg5 29. f4 Qg6 30. Rxc5 bxc5 31. Ba3 Rf7 32. Bxc5 Rg7 33. b4 axb4 34. Rb2 Re8 35. Rxb4 Bc8 36. a5 h4 37. a6 hxg3 38. a7 g2 39. Nh2 Ng4 40. Nxg4 Qxg4 41. a8Q Qh4 42. Bxf5 Qh1+ 43. Kf2 g1Q+ 44. Qxg1 Qxg1+ 45. Ke2 Rg2+ 46. Kd3 Bxf5+ 0-1

[Event "Djerba Blitz op"]
[Site "Djerba"]
[Date "2025.02.19"]
[Round "1"]
[White "Boudriga, Mohamed Ali"]
[Black "Badya, Vasily"]
[Result "1-0"]
[WhiteElo "2323"]
[BlackElo "1765"]
[PlyCount "79"]
[EventDate "2025.02.19"]
[EventType "swiss (blitz)"]
[EventRounds "9"]
[EventCountry "TUN"]
[SourceTitle "CB09_2025"]
[SourceDate "2025.02.27"]
[SourceVersion "1"]
[SourceVersionDate "2025.02.27"]
[SourceQuality "1"]

1. e4 d6 2. d4 Nf6 3. Nc3 g6 4. Be3 c6 5. Qd2 b5 6. Bd3 Ng4 7. Bg5 h6 8. Bh4 Bg7 9. f3 Nf6 10. Nge2 Nbd7 11. g4 h5 12. g5 Nh7 13. f4 a6 14. f5 c5 15. fxg6 fxg6 16. e5 cxd4 17. Bxg6+ Kf8 18. 0-0+ Kg8 19. Bf7+ Kf8 20. Bd5+ Ke8 21. Nxd4 Nxe5 22. Bxa8 Bh3 23. Bg2 Bg4 24. Nd5 Rf8 25. h3 Rxf1+ 26. Rxf1 Bd7 27. Nf5 Bxf5 28. Rxf5 Kd7 29. Bf2 Nc4 30. Qe2 Be5 31. b3 Na5 32. Bb6 Qa8 33. Nf6+ Nxf6 34. Bxa8 Ng4 35. hxg4 hxg4 36. Rxe5 dxe5 37. Bxa5 Ke6 38. Qxg4+ Kf7 39. Qf5+ Ke8 40. Bc6# 1-0

[Event "Djerba Blitz op"]
[Site "Djerba"]
[Date "2025.02.19"]
[Round "7"]
[White "Boudriga, Mohamed Ali"]
[Black "Stopa, Jacek"]
[Result "0-1"]
[WhiteElo "2323"]
[BlackElo "2310"]
[PlyCount "75"]
[EventDate "2025.02.19"]
[EventType "swiss (blitz)"]
[EventRounds "9"]
[EventCountry "TUN"]
[SourceTitle "CB09_2025"]
[SourceDate "2025.02.27"]
[SourceVersion "1"]
[SourceVersionDate "2025.02.27"]
[SourceQuality "1"]

1. e4 e6 2. d4 d5 3. Nc3 Nf6 4. e5 Nfd7 5. f4 c5 6. Nf3 Nc6 7. Be3 Qb6 8. Na4 Qa5+ 9. c3 b6 10. a3 c4 11. b4 cxb3 12. Qxb3 Ba6 13. Nb2 Bxf1 14. Rxf1 Be7 15. a4 0-0 16. Kf2 Rac8 17. Rfc1 Qa6 18. Qb5 Qb7 19. c4 a6 20. Qb3 Na5 21. Qd3 f6 22. cxd5 Qxd5 23. Qxa6 Rxc1 24. Rxc1 fxe5 25. dxe5 Nb3 26. Rd1 Qc6 27. Qc4 Nbc5 28. Qb5 Qc7 29. Kg1 Ra8 30. Nc4 Nxa4 31. Rxd7 Qc8 32. Rxe7 Nc3 33. Qd7 Ra1+ 34. Kf2 Ne4+ 35. Ke2 Qxc4+ 36. Qd3 Nc3+ 37. Kf2 Qxd3 38. Ng5 0-1

[Event "Djerba op-A"]
[Site "Djerba"]
[Date "2025.02.17"]
[Round "2"]
[White "Bouzidi, Ahmed"]
[Black "Boudriga, Mohamed Ali"]
[Result "0-1"]
[WhiteElo "2168"]
[BlackElo "2323"]
[PlyCount "116"]
[EventDate "2025.02.16"]
[EventType "swiss"]
[EventRounds "9"]
[EventCountry "TUN"]
[SourceTitle "CB09_2025"]
[SourceDate "2025.02.27"]
[SourceVersion "1"]
[SourceVersionDate "2025.02.27"]
[SourceQuality "1"]

1. e4 e5 2. Nf3 Nc6 3. Bb5 a6 4. Bxc6 dxc6 5. 0-0 Qf6 6. d4 exd4 7. Bg5 Qd6 8. Nxd4 Bd7 9. Nc3 Ne7 10. Qd2 0-0-0 11. Qe3 c5 12. Nb3 b6 13. Rfd1 Qe6 14. Rd2 h6 15. Bh4 g5 16. Bg3 Re8 17. Qe2 Kb7 18. Bxc7 Kxc7 19. Qxa6 Nc8 20. Nd5+ Kb8 21. Nf6 Bc6 22. Nxe8 Qxe8 23. Qf1 Bd6 24. Re1 Qe5 25. g3 h5 26. Qc4 Qe6 27. Qxe6 fxe6 28. c4 Bc7 29. Nc1 Nd6 30. b3 g4 31. Rde2 Nf7 32. Re3 Ng5 33. R1e2 h4 34. Nd3 Nf3+ 35. Rxf3 gxf3 36. Re3 Rd8 37. Ne1 Rd1 38. Kf1 b5 39. Rxf3 Ba5 40. Re3 bxc4 41. bxc4 h3 42. f3 Bd2 43. Ke2 Ba4 44. Rd3 Bxe1 45. Rxd1 Bxd1+ 46. Kxe1 Bxf3 47. e5 Kc7 48. Kf2 Bb7 49. g4 Ba6 50. g5 Kd7 51. Kg3 Bxc4 52. a4 Bf1 53. a5 Ke7 54. Kf2 Bg2 55. Ke3 Kf7 56. a6 Kg6 57. Kf4 c4 58. a7 Bd5 0-1

[Event "Bouhjar BICA Rapid op 02nd"]
[Site "Bouhjar"]
[Date "2022.11.20"]
[Round "6"]
[White "Boudriga, Mohamed Ali"]
[Black "Abdallah, Mohamed Khalil"]
[Result "1-0"]
[WhiteElo "2321"]
[BlackElo "1389"]
[PlyCount "67"]
[EventDate "2022.11.20"]
[EventType "swiss (rapid)"]
[EventRounds "9"]
[EventCountry "TUN"]
[SourceTitle "CBM 211 Extra"]
[Source "ChessBase"]
[SourceDate "2023.01.31"]
[SourceVersion "1"]
[SourceVersionDate "2023.01.31"]
[SourceQuality "1"]

1. c4 c6 2. Nf3 d5 3. b3 Nf6 4. Bb2 Bf5 5. d3 e6 6. Nbd2 Nbd7 7. g3 Be7 8. Bg2 0-0 9. 0-0 h6 10. a3 a5 11. Qc2 Qc7 12. Bc3 b5 13. Nd4 bxc4 14. Nxf5 exf5 15. bxc4 Rfc8 16. Qa2 Qd6 17. a4 d4 18. Bb2 Rab8 19. Rfb1 c5 20. Ba3 Nb6 21. Bc1 Nbd7 22. Rb5 Qc7 23. Nb3 g6 24. Nxa5 Rxb5 25. axb5 Kg7 26. Nc6 Bd6 27. Qa7 Qxa7 28. Rxa7 Ne5 29. Nxe5 Bxe5 30. b6 Rb8 31. b7 g5 32. Bc6 Kg6 33. Ba3 Bd6 34. Ra8 1-0

[Event "Francophonie-ch 8th"]
[Site "Casablanca"]
[Date "2022.07.06"]
[Round "7"]
[White "Ammor, Hicham"]
[Black "Boudriga, Mohamed Ali"]
[Result "0-1"]
[WhiteElo "2018"]
[BlackElo "2308"]
[PlyCount "156"]
[EventDate "2022.07.02"]
[EventType "swiss"]
[EventRounds "9"]
[EventCountry "MAR"]
[SourceTitle "EXT 2023"]
[Source "ChessBase"]
[SourceDate "2022.10.05"]
[SourceVersion "1"]
[SourceVersionDate "2022.10.05"]
[SourceQuality "1"]

1. Nf3 d5 2. g3 Nc6 3. Bg2 e5 4. d3 Nf6 5. Nbd2 Be7 6. 0-0 0-0 7. a3 a5 8. b3 Be6 9. Ng5 Bg4 10. Bb2 h6 11. h3 Bh5 12. Ngf3 Nd7 13. g4 Bg6 14. e4 d4 15. a4 Re8 16. Nc4 Bg5 17. Nxg5 hxg5 18. Qf3 Nc5 19. Qg3 Ne6 20. f3 Nf4 21. Rf2 f6 22. Bf1 Bf7 23. h4 Be6 24. hxg5 fxg5 25. Rh2 Qf6 26. Bc1 Kf7 27. Bxf4 gxf4 28. Qg2 Rh8 29. Rd1 Rxh2 30. Qxh2 g6 31. Qh7+ Qg7 32. Qxg7+ Kxg7 33. Na3 Nb4 34. Rd2 c6 35. Rh2 Rb8 36. g5 b5 37. Bh3 Bxh3 38. Rxh3 Na6 39. axb5 cxb5 40. Rh2 Nc5 41. Kf1 a4 42. bxa4 Nxa4 43. Nb1 Nc3 44. Nxc3 dxc3 45. Ke2 Ra8 46. Rh1 Ra2 47. Rc1 b4 48. Kd1 Kf7 49. Rb1 Ra4 50. Ke2 Ke6 51. d4 exd4 52. Kd3 Ke5 53. Rb3 Ra1 54. Rxb4 Rd1+ 55. Kc4 Rd2 56. Rb5+ Ke6 57. Rd5 Rxc2 58. Rxd4 Rf2 59. Kxc3 Rxf3+ 60. Kd2 Ke5 61. Ra4 Rg3 62. Ke2 Re3+ 63. Kf2 Rd3 64. Ra6 Kxe4 65. Rxg6 Rd2+ 66. Ke1 Rg2 67. Kf1 Kf3 68. Rg8 Ra2 69. Re8 Ra1+ 70. Re1 Ra5 71. g6 Rh5 72. Kg1 Rg5+ 73. Kf1 Rxg6 74. Rb1 Re6 75. Rb2 Re3 76. Rf2+ Kg4 77. Rg2+ Rg3 78. Rxg3+ Kxg3 0-1

[Event "Francophonie-chT Rapid"]
[Site "Tornelo INT"]
[Date "2022.06.04"]
[Round "1.4"]
[White "Boudriga, Mohamed Ali"]
[Black "Meddeb, Anis"]
[Result "1/2-1/2"]
[WhiteElo "2308"]
[BlackElo "2121"]
[PlyCount "112"]
[EventDate "2022.06.04"]
[EventType "team-swiss (rapid)"]
[EventRounds "11"]
[EventCountry "FRA"]
[SourceTitle "CBM 208 Extra"]
[Source "ChessBase"]
[SourceDate "2022.07.31"]
[SourceVersion "1"]
[SourceVersionDate "2022.07.31"]
[SourceQuality "1"]
[WhiteTeam "Tunisia"]
[BlackTeam "Tunisia II"]
[WhiteTeamCountry "TUN"]
[BlackTeamCountry "TUN"]

1. d4 d5 2. c4 e6 3. Nf3 Nf6 4. g3 Bb4+ 5. Bd2 Bxd2+ 6. Nbxd2 Nc6 7. Bg2 0-0 8. 0-0 Ne4 9. e3 f5 10. Rc1 Bd7 11. b4 Nxb4 12. Qb3 a5 13. a3 dxc4 14. Qxc4 Nd5 15. Nxe4 fxe4 16. Nd2 Qe7 17. Nxe4 Qxa3 18. Nc5 Nb6 19. Qc2 Bb5 20. Ra1 Qb4 21. Rfb1 Qc4 22. Qb2 Bc6 23. Rc1 Qb4 24. Qxb4 axb4 25. Bxc6 bxc6 26. Nxe6 Rxa1 27. Rxa1 Rb8 28. Rb1 Nc4 29. Nc5 Nd2 30. Rb2 Nc4 31. Rc2 b3 32. Nxb3 Nxe3 33. fxe3 Rxb3 34. Kf2 Rb6 35. Kf3 Kf7 36. Ke4 Ke6 37. h4 h5 38. Rc5 g6 39. Kf4 Kf6 40. e4 Ra6 41. e5+ Kf7 42. Rc4 Rb6 43. Ra4 Ke6 44. Ra7 Rb4 45. Rxc7 Rxd4+ 46. Ke3 Rg4 47. Rxc6+ Kxe5 48. Kf3 Kf5 49. Rc8 Kf6 50. Rf8+ Kg7 51. Rf4 Rxf4+ 52. Kxf4 Kf6 53. Ke4 g5 54. hxg5+ Kxg5 55. Kf3 h4 56. gxh4+ Kxh4 1/2-1/2

[Event "TUN-ch"]
[Site "Hammamet"]
[Date "2022.05.13"]
[Round "8"]
[White "Boudriga, Mohamed Ali"]
[Black "Meddeb, Anis"]
[Result "1-0"]
[WhiteElo "2308"]
[BlackElo "2093"]
[PlyCount "100"]
[EventDate "2022.05.07"]
[EventType "tourn"]
[EventRounds "11"]
[EventCountry "TUN"]
[SourceTitle "CBM 208 Extra"]
[Source "ChessBase"]
[SourceDate "2022.07.31"]
[SourceVersion "1"]
[SourceVersionDate "2022.07.31"]
[SourceQuality "1"]

1. e4 c5 2. Nf3 d6 3. g3 Nc6 4. Bg2 g6 5. 0-0 Bg7 6. Re1 e5 7. c3 Nge7 8. d3 0-0 9. Nbd2 b5 10. a4 b4 11. Nc4 Be6 12. Ng5 Bxc4 13. dxc4 bxc3 14. bxc3 h6 15. Nf3 Na5 16. Bf1 Rb8 17. Ra3 Qc7 18. h4 Rb6 19. h5 Kh7 20. Nh2 Rfb8 21. Qf3 Ng8 22. Ng4 Rb3 23. Ne3 Rxa3 24. Bxa3 Nf6 25. Nd5 Qd8 26. hxg6+ fxg6 27. Rd1 Nxd5 28. cxd5 Rb3 29. Bc1 Qf6 30. Qe3 Rb6 31. Bb5 h5 32. Qg5 a6 33. Be2 Qxg5 34. Bxg5 Nb7 35. a5 Rb2 36. Bxa6 Nxa5 37. Be7 Rb6 38. Bf1 Nb7 39. Ra1 Kg8 40. Ra7 c4 41. Bg5 Rb3 42. Be3 Bf8 43. Ra6 Kf7 44. Bxc4 Rxc3 45. Bb5 Nc5 46. Ra7+ Kf6 47. Bxc5 Rxc5 48. Bc6 Rc1+ 49. Kg2 Bh6 50. Ba4 Bd2 1-0

[Event "TUN-ch"]
[Site "Hammamet"]
[Date "2022.05.10"]
[Round "5"]
[White "Ben Ghanem, Hamed"]
[Black "Boudriga, Mohamed Ali"]
[Result "0-1"]
[WhiteElo "2144"]
[BlackElo "2308"]
[PlyCount "64"]
[EventDate "2022.05.07"]
[EventType "tourn"]
[EventRounds "11"]
[EventCountry "TUN"]
[SourceTitle "CBM 208 Extra"]
[Source "ChessBase"]
[SourceDate "2022.07.31"]
[SourceVersion "1"]
[SourceVersionDate "2022.07.31"]
[SourceQuality "1"]

1. d4 d5 2. c4 c6 3. Nc3 Nf6 4. Nf3 dxc4 5. a4 e6 6. e3 c5 7. Bxc4 cxd4 8. exd4 Nc6 9. 0-0 Be7 10. Bg5 0-0 11. Qd2 b6 12. Rad1 Bb7 13. Qf4 Nb4 14. Ne5 Nfd5 15. Bxe7 Nxf4 16. Bxd8 Rfxd8 17. f3 Rac8 18. Bb3 Ba6 19. Rf2 Nbd3 20. Nxd3 Nxd3 21. Rc2 Nxb2 22. Rxb2 Rxc3 23. d5 exd5 24. Bxd5 Kf8 25. Rbd2 Bc4 26. Be4 Rxd2 27. Rxd2 Be6 28. h4 h6 29. Rd8+ Ke7 30. Ra8 Rc7 31. g4 Bd7 32. Rg8 g6 0-1

[Event "TUN-ch"]
[Site "Sfax"]
[Date "2022.01.30"]
[Round "10"]
[White "Boudriga, Mohamed Ali"]
[Black "Amdouni, Zoubaier"]
[Result "1-0"]
[WhiteElo "2293"]
[BlackElo "2248"]
[PlyCount "54"]
[EventDate "2022.01.22"]
[EventType "tourn"]
[EventRounds "11"]
[EventCountry "TUN"]
[SourceTitle "CBM 206 Extra"]
[Source "ChessBase"]
[SourceDate "2022.03.31"]
[SourceVersion "1"]
[SourceVersionDate "2022.03.31"]
[SourceQuality "1"]

1. Nf3 b5 2. e4 Bb7 3. e5 a6 4. d4 e6 5. Bd3 c5 6. dxc5 Qc7 7. 0-0 Nc6 8. Bf4 f5 9. a4 b4 10. Nbd2 Na5 11. Qe2 Ne7 12. Bg3 Qxc5 13. Rfe1 g6 14. h4 h6 15. Nb3 Nxb3 16. cxb3 Nc6 17. Rac1 Qb6 18. Bf4 Be7 19. Qd2 Bf8 20. Qe3 Qxe3 21. Bxe3 Ne7 22. Nd2 Nd5 23. Bd4 Rc8 24. Nc4 Be7 25. Na5 Rxc1 26. Rxc1 Ba8 27. Rc8+ Bd8 1-0

[Event "Bouhjar BICA Blitz op 04"]
[Site "Bouhjar"]
[Date "2021.04.04"]
[Round "8"]
[White "Boudriga, Mohamed Ali"]
[Black "Chorfen, Youssef"]
[Result "1-0"]
[WhiteElo "2265"]
[BlackElo "1712"]
[PlyCount "61"]
[EventDate "2021.04.04"]
[EventType "swiss (blitz)"]
[EventRounds "9"]
[EventCountry "TUN"]
[SourceTitle "CBM 201 Extra"]
[Source "ChessBase"]
[SourceDate "2021.05.31"]
[SourceVersion "1"]
[SourceVersionDate "2021.05.31"]
[SourceQuality "1"]

1. d4 Nf6 2. Bg5 d5 3. Nd2 e6 4. e3 Nbd7 5. f4 c5 6. c3 Be7 7. Bd3 0-0 8. Qf3 Ne8 9. Qh3 g6 10. Ngf3 Ng7 11. Bxe7 Qxe7 12. Ng5 Nh5 13. Nxh7 Kxh7 14. Qxh5+ Kg7 15. Qf3 Nb6 16. h4 cxd4 17. exd4 Na4 18. Rb1 Bd7 19. h5 Rh8 20. Kf2 Rh6 21. g4 Rah8 22. hxg6 fxg6 23. Rxh6 Rxh6 24. Qg3 a6 25. Nf3 Bb5 26. Bc2 Nb6 27. Ne5 Nc4 28. g5 Rh5 29. Nxg6 Qd7 30. Ne5 Qc7 31. Ng4 1-0

[Event "Bouhjar BICA Blitz op 03"]
[Site "Bouhjar"]
[Date "2021.03.28"]
[Round "6"]
[White "Ben Ammar, Mohamed"]
[Black "Boudriga, Mohamed Ali"]
[Result "0-1"]
[WhiteElo "1814"]
[BlackElo "2264"]
[PlyCount "49"]
[EventDate "2021.03.28"]
[EventType "swiss (blitz)"]
[EventRounds "9"]
[EventCountry "TUN"]
[SourceTitle "CBM 202 Extra"]
[Source "ChessBase"]
[SourceDate "2021.07.31"]
[SourceVersion "1"]
[SourceVersionDate "2021.07.31"]
[SourceQuality "1"]

1. Nf3 g6 2. d4 Bg7 3. c4 d6 4. Nc3 c6 5. g3 Nf6 6. Bg2 0-0 7. 0-0 Bf5 8. Ng5 e5 9. d5 c5 10. e4 Bg4 11. f3 Bd7 12. Nh3 Na6 13. Nf2 Nc7 14. a4 a6 15. a5 Rb8 16. Na4 Bxa4 17. Qxa4 b5 18. axb6 Rxb6 19. Nd3 Qd7 20. Bd2 Qxa4 21. Rxa4 Rb3 22. Bc3 Nd7 23. Rfa1 Nb6 24. R4a2 Nxc4 25. Nc1 0-1

[Event "Arab CC-ch"]
[Site "Hammamet"]
[Date "2020.03.11"]
[Round "5.3"]
[White "Saif, Malek"]
[Black "Boudriga, Mohamed Ali"]
[Result "1-0"]
[WhiteElo "2142"]
[BlackElo "2306"]
[PlyCount "55"]
[EventDate "2020.03.08"]
[EventType "team-tourn"]
[EventRounds "7"]
[EventCountry "TUN"]
[SourceTitle "CBM 195 Extra"]
[Source "ChessBase"]
[SourceDate "2020.05.31"]
[SourceVersion "1"]
[SourceVersionDate "2020.05.31"]
[SourceQuality "1"]
[WhiteTeam "Jordan Royal Club"]
[BlackTeam "Bouhjar"]
[WhiteTeamCountry "JOR"]
[BlackTeamCountry "TUN"]

1. e4 c5 2. Nf3 d6 3. d4 cxd4 4. Nxd4 Nf6 5. Nc3 a6 6. Be2 e5 7. Nb3 Be7 8. 0-0 0-0 9. f4 exf4 10. Bxf4 Nc6 11. Qe1 Ne5 12. Rd1 Qb6+ 13. Kh1 Be6 14. Nd5 Bxd5 15. exd5 Ng6 16. Bc1 Rfe8 17. Qg3 Ne4 18. Qf3 Bf6 19. g3 Re7 20. Bd3 Rae8 21. c3 a5 22. Kg2 a4 23. Nd4 Bxd4 24. cxd4 h6 25. Bxe4 Rxe4 26. Qxf7+ Kh7 27. Rf6 Re2+ 28. Kh3 1-0